[Event "Regional Sudeste 2011"]
[Site "Sao Paulo"]
[Date "2011.09.22"]
[Round "7.4"]
[White "Sega, Carlos Alberto"]
[Black "Santiago, Yago De Moura"]
[Result "0-1"]
[WhiteElo "2261"]
[BlackElo "2314"]
[PlyCount "102"]
[EventDate "2011.09.22"]

1. c4 f5 2. g3 Nf6 3. Bg2 g6 4. Nc3 Bg7 5. d3 O-O 6. e4 d6 7. Nge2 c6 8. O-O h6
9. h3 a5 10. Be3 Na6 11. Qd2 Kh7 12. exf5 gxf5 13. d4 Qe8 14. Rad1 e5 15. dxe5
dxe5 16. b3 Be6 17. Qc2 Kh8 18. Rd6 Rg8 19. Qd2 Bf8 20. Bxh6 Bxd6 21. Qxd6 Rg6
22. Bc1 Bf7 23. Rd1 Nd5 24. Qa3 Nxc3 25. Nxc3 Nb4 26. Qb2 Rd8 27. Rxd8 Qxd8 28.
Qe2 Re6 29. Bb2 Qd3 30. g4 Qxe2 31. Nxe2 fxg4 32. hxg4 Kg8 33. a3 Nd3 34. Bc3
a4 35. b4 Re8 36. c5 Bd5 37. Ng3 Nf4 38. Bxd5+ cxd5 39. Bd2 Ne6 40. Nf5 Nd4 41.
Nd6 Re7 42. Kg2 Nb3 43. Bg5 Rd7 44. Bf6 e4 45. Be5 Nd2 46. b5 Nc4 47. Nxc4 dxc4
48. c6 bxc6 49. bxc6 Rd5 50. Bd4 Rd6 51. Bc3 Rxc6 0-1

[Event "Regional Sudeste 2011"]
[Site "Sao Paulo"]
[Date "2011.09.22"]
[Round "7.5"]
[White "Feliciano Ebert, Vanessa"]
[Black "Tsuboi, Edson Kenji"]
[Result "1-0"]
[WhiteElo "2173"]
[BlackElo "2350"]
[PlyCount "115"]
[EventDate "2011.09.22"]

1. d4 Nf6 2. c4 e6 3. Nc3 Bb4 4. e3 O-O 5. Bd3 d5 6. a3 Bxc3+ 7. bxc3 dxc4 8.
Bxc4 c5 9. Nf3 Qc7 10. Ba2 Nc6 11. O-O e5 12. h3 e4 13. Nd2 Bf5 14. Qe2 Rae8
15. Rd1 Qd7 16. Bb2 cxd4 17. cxd4 Nd5 18. Nb3 b6 19. Rac1 Nce7 20. Nd2 Bg6 21.
Nc4 f6 22. Bb3 Kh8 23. Rc2 Rd8 24. Rdc1 Qf5 25. Bc3 Nxc3 26. Rxc3 Qb5 27. Qb2
Qg5 28. R3c2 Nf5 29. Kh2 Nh4 30. Rg1 Qf5 31. Rcc1 Bf7 32. Qe2 Qb5 33. Qa2 Qf5
34. Qe2 Bh5 35. Qe1 Bf7 36. Qe2 Be6 37. Qg4 Qxg4 38. hxg4 g5 39. Nd2 Bxb3 40.
Nxb3 f5 41. Nd2 Rde8 42. g3 Ng6 43. gxf5 Rxf5 44. Kg2 Re7 45. Rc8+ Kg7 46. Rgc1
h5 47. R1c7 Rff7 48. Rc6 g4 49. Nc4 Rf6 50. Rxf6 Kxf6 51. Rc6+ Kg5 52. Rd6 h4
53. Rd5+ Kh6 54. gxh4 Nxh4+ 55. Kg3 Nf3 56. Kxg4 Rf7 57. Nd6 Rg7+ 58. Kf4 1-0

[Event "Regional Sudeste 2011"]
[Site "Sao Paulo"]
[Date "2011.09.22"]
[Round "7.6"]
[White "Marra, Eduardo Da Costa"]
[Black "Madeira, Wagner Martins"]
[Result "0-1"]
[WhiteElo "2293"]
[BlackElo "2241"]
[PlyCount "75"]
[EventDate "2011.09.22"]

1. Nf3 f5 2. e4 fxe4 3. Ng5 Nf6 4. d3 e3 5. Bxe3 e5 6. d4 exd4 7. Qxd4 Nc6 8.
Qh4 Ne5 9. Nc3 d5 10. O-O-O c6 11. Re1 Be7 12. Bd4 Ng6 13. Qg3 O-O 14. Ne6 Bxe6
15. Rxe6 Qd7 16. Re1 Rae8 17. f3 Bd6 18. Rxe8 Bxg3 19. Rxf8+ Nxf8 20. hxg3 b6
21. Bd3 c5 22. Be5 c4 23. Be2 Qf5 24. Bb8 N8d7 25. Bf4 Nh5 26. Bc7 Nxg3 27.
Bxg3 Qg5+ 28. Kd1 Qxg3 29. Nxd5 Qxg2 30. Re1 Ne5 31. Ne3 Qf2 32. Nxc4 Qd4+ 33.
Nd2 Qxb2 34. Bf1 Qa1+ 35. Ke2 Qxa2 36. f4 Nc4 37. Bh3 Nxd2 38. Kxd2 0-1

[Event "Regional Sudeste 2011"]
[Site "Sao Paulo"]
[Date "2011.09.22"]
[Round "7.8"]
[White "Quintiliano Pinto, Renato R"]
[Black "Campelo, Leandro Fabricio"]
[Result "1-0"]
[WhiteElo "2277"]
[BlackElo "2230"]
[PlyCount "45"]
[EventDate "2011.09.22"]

1. d4 Nf6 2. c4 g6 3. Nc3 Bg7 4. e4 d6 5. Nf3 O-O 6. Be2 Na6 7. O-O e5 8. Be3
Ng4 9. Bg5 f6 10. Bh4 h5 11. h3 Nh6 12. Bg3 Nf7 13. d5 f5 14. Nh4 Nh8 15. exf5
gxf5 16. f4 exf4 17. Rxf4 Bh6 18. Rf1 Be3+ 19. Kh1 Qg5 20. Be1 Bd7 21. Bxh5 Nc5
22. Rf3 a5 23. Rg3 1-0

[Event "Regional Sudeste 2011"]
[Site "Sao Paulo"]
[Date "2011.09.22"]
[Round "7.9"]
[White "Terao, Rodrigo Akira"]
[Black "Goncalves, Jorge Roberto"]
[Result "1-0"]
[WhiteElo "2358"]
[BlackElo "2042"]
[PlyCount "95"]
[EventDate "2011.09.22"]

1. c4 Nf6 2. Nf3 c6 3. e3 g6 4. b3 Bg7 5. Bb2 O-O 6. Be2 d5 7. O-O dxc4 8. bxc4
Bg4 9. Qb3 Qb6 10. h3 Qxb3 11. axb3 Bxf3 12. Bxf3 Nbd7 13. d4 Rfe8 14. Ra5 a6
15. Nd2 Rad8 16. Rd1 h6 17. e4 Nh7 18. e5 Ng5 19. Be2 Ne6 20. g3 c5 21. d5 Nd4
22. Bxd4 cxd4 23. f4 f6 24. e6 Nb6 25. Nf3 Nc8 26. Nxd4 Nd6 27. Bd3 f5 28. Nf3
Bc3 29. Ra2 Rc8 30. Ne5 Kg7 31. Kg2 Rc7 32. Nd7 Bb4 33. c5 Nb5 34. Bxb5 axb5
35. Rc1 Rec8 36. Rac2 Ba3 37. Rb1 Bxc5 38. Rbc1 Bd6 39. Rxc7 Rxc7 40. Rxc7 Bxc7
41. Kf3 Bd6 42. Ne5 Bxe5 43. fxe5 g5 44. h4 Kg6 45. hxg5 hxg5 46. Ke3 Kg7 47.
d6 exd6 48. exd6 1-0

[Event "Regional Sudeste 2011"]
[Site "Sao Paulo"]
[Date "2011.09.22"]
[Round "7.10"]
[White "Lebredo Zaragoitia, Gerardo"]
[Black "Goncalves, Ivan Mesquita V"]
[Result "1/2-1/2"]
[WhiteElo "2240"]
[BlackElo "2052"]
[PlyCount "32"]
[EventDate "2011.09.22"]

1. d4 d5 2. c4 c6 3. Nc3 Nf6 4. e3 e6 5. Nf3 Nbd7 6. Qc2 Bd6 7. b3 O-O 8. Be2
b6 9. O-O Bb7 10. Rd1 Qe7 11. Bb2 Ba3 12. Bxa3 Qxa3 13. Rd2 Rfe8 14. Rad1 Rad8
15. Bd3 Qe7 16. Re2 c5 1/2-1/2

[Event "Regional Sudeste 2011"]
[Site "Sao Paulo"]
[Date "2011.09.22"]
[Round "7.11"]
[White "Borges, Guilherme Deola"]
[Black "Nunes, Allan Hurba"]
[Result "1-0"]
[WhiteElo "2176"]
[BlackElo "2021"]
[PlyCount "49"]
[EventDate "2011.09.22"]

1. d4 e6 2. Nc3 d5 3. e4 dxe4 4. Nxe4 Bd7 5. Nf3 Bc6 6. Bd3 Nd7 7. O-O Ngf6 8.
Neg5 Bxf3 9. Qxf3 c6 10. Re1 Be7 11. Bd2 O-O 12. Qh3 g6 13. Re4 Re8 14. Rxe6
Nf8 15. Re2 Qxd4 16. Bc3 Qf4 17. Nf3 Bd6 18. Rae1 Rxe2 19. Rxe2 Re8 20. Bd2 Qa4
21. Rxe8 Nxe8 22. Qc8 Ng7 23. Qxb7 Nfe6 24. Qb3 Qg4 25. h3 1-0

[Event "Regional Sudeste 2011"]
[Site "Sao Paulo"]
[Date "2011.09.22"]
[Round "7.12"]
[White "Garkauskas, Otto Dmitry"]
[Black "Gerbelli Neto, Eduardo"]
[Result "1-0"]
[WhiteElo "2050"]
[BlackElo "2175"]
[PlyCount "48"]
[EventDate "2011.09.22"]

1. d4 d5 2. c4 c6 3. Nf3 Nf6 4. Nc3 e6 5. cxd5 exd5 6. Bg5 Nbd7 7. e3 Be7 8.
Bd3 O-O 9. Qc2 h6 10. Bh4 Re8 11. Bxf6 Nxf6 12. O-O Bd6 13. h3 Qe7 14. Bf5 Ne4
15. Bxc8 Raxc8 16. Nxe4 dxe4 17. Nd2 c5 18. dxc5 Rxc5 19. Qa4 b5 20. Qa6 Rd5
21. Nb3 Qe6 22. Qxa7 Rg5 23. Kh1 Qe5 24. g3 Qf5 1-0

[Event "Regional Sudeste 2011"]
[Site "Sao Paulo"]
[Date "2011.09.22"]
[Round "7.13"]
[White "Delai, Paula Fernanda"]
[Black "Deus Filho, Joaquim De"]
[Result "0-1"]
[WhiteElo "2026"]
[BlackElo "2105"]
[PlyCount "62"]
[EventDate "2011.09.22"]

1. e4 c5 2. Nf3 d6 3. d4 cxd4 4. Nxd4 Nf6 5. Nc3 a6 6. Be3 e5 7. Nb3 Be6 8. f3
Be7 9. Qd2 b5 10. O-O-O Nbd7 11. Qf2 b4 12. Nd5 Nxd5 13. exd5 Bf5 14. g4 Bg6
15. f4 exf4 16. Bxf4 O-O 17. h4 Rc8 18. Nd4 Qb6 19. Be3 Nc5 20. Nc6 Bf6 21. g5
Bd8 22. Bh3 Rc7 23. Rde1 Qb5 24. h5 b3 25. a3 Nd3+ 26. cxd3 Rxc6+ 27. dxc6
Qxc6+ 28. Kd1 Bxh5+ 29. Re2 Qc2+ 30. Ke1 Qb1+ 31. Kd2 Ba5# 0-1

[Event "Regional Sudeste 2011"]
[Site "Sao Paulo"]
[Date "2011.09.22"]
[Round "7.15"]
[White "Silva, Igor Dos Santos"]
[Black "Terao, Juliana Sayumi"]
[Result "1-0"]
[WhiteElo "1946"]
[BlackElo "2152"]
[PlyCount "67"]
[EventDate "2011.09.22"]

1. d4 Nf6 2. c4 e6 3. g3 Bb4+ 4. Bd2 Be7 5. Bg2 d5 6. Nf3 O-O 7. O-O c6 8. Qc2
Ne4 9. a3 Nd7 10. Be3 Bd6 11. b4 a6 12. Nc3 f5 13. Rab1 Qe7 14. Ne1 Ndf6 15. f3
Nxc3 16. Qxc3 dxc4 17. Qxc4 Nd5 18. Bf2 f4 19. Nd3 Qg5 20. Qc1 h6 21. Kh1 a5
22. Rb3 axb4 23. axb4 Ra2 24. Qe1 b6 25. Bh3 Re8 26. Rg1 Qf6 27. Qd1 Ba6 28.
Rb1 Bxd3 29. Qxd3 Nxb4 30. Qe4 Nd5 31. gxf4 Nc3 32. Qxc6 Nxb1 33. Qxe8+ Kh7 34.
Bxe6 1-0

[Event "Regional Sudeste 2011"]
[Site "Sao Paulo"]
[Date "2011.09.22"]
[Round "7.16"]
[White "Gazola, Vanessa Ramos"]
[Black "Mello, Andre Barbieri"]
[Result "1-0"]
[WhiteElo "2054"]
[BlackElo "1944"]
[PlyCount "53"]
[EventDate "2011.09.22"]

1. d4 Nf6 2. c4 e6 3. Nf3 b6 4. a3 Bb7 5. Nc3 d5 6. cxd5 Nxd5 7. e3 g6 8. Bb5+
c6 9. Bd3 Bg7 10. O-O O-O 11. e4 Nxc3 12. bxc3 c5 13. Bb2 Nc6 14. Bc2 Na5 15.
Qe2 Qd6 16. a4 Rfd8 17. Rad1 Rac8 18. Ba3 Qc6 19. dxc5 bxc5 20. e5 Ba6 21. Bd3
Rxd3 22. Rxd3 Bxd3 23. Qxd3 Qxa4 24. Qa6 Rc6 25. Qxa7 Qxa3 26. Ng5 h6 27. Qxf7+
1-0

[Event "Regional Sudeste 2011"]
[Site "Sao Paulo"]
[Date "2011.09.22"]
[Round "7.17"]
[White "Rodrigues, Nei Jorge"]
[Black "Ferreira, Jonas De Vargas"]
[Result "1-0"]
[WhiteElo "2043"]
[BlackElo "1794"]
[PlyCount "73"]
[EventDate "2011.09.22"]

1. e4 e6 2. d3 d5 3. Nd2 dxe4 4. dxe4 e5 5. Ngf3 Bd6 6. Bc4 Nf6 7. O-O O-O 8.
Re1 Qe7 9. Nf1 Bg4 10. Bg5 Nbd7 11. Ng3 h6 12. Be3 Rad8 13. Qe2 Nc5 14. h3 Bc8
15. Bd2 a6 16. a4 Be6 17. Bc3 Bxc4 18. Qxc4 Nfd7 19. Nf5 Qf6 20. Qe2 Ne6 21. g3
Ng5 22. Nxg5 Qxg5 23. Rad1 Nc5 24. h4 Qf6 25. Bd2 Kh7 26. g4 Ne6 27. g5 Qg6 28.
h5 Nf4 29. hxg6+ fxg6 30. Bxf4 exf4 31. Nxd6 f3 32. Qe3 cxd6 33. Rd5 Rd7 34.
Red1 Rff7 35. gxh6 gxh6 36. Rxd6 Rf4 37. Rxd7+ 1-0

[Event "Regional Sudeste 2011"]
[Site "Sao Paulo"]
[Date "2011.09.22"]
[Round "7.18"]
[White "Costa, Giovanni"]
[Black "Abdalla, Jose Lucas Aurelli"]
[Result "0-1"]
[WhiteElo "1898"]
[BlackElo "2014"]
[PlyCount "44"]
[EventDate "2011.09.22"]

1. e4 c5 2. Nf3 Nc6 3. Bb5 d6 4. Bxc6+ bxc6 5. c4 e5 6. h3 Be7 7. Nc3 Nf6 8. d3
O-O 9. O-O Ne8 10. a3 a5 11. Be3 f5 12. exf5 Bxf5 13. Ne4 Nf6 14. Ng3 Bd7 15.
Qd2 a4 16. Ne4 Nxe4 17. dxe4 Rxf3 18. gxf3 Bxh3 19. Rfd1 Qe8 20. Kh2 Qh5 21.
Rh1 Rf8 22. Rag1 Bf1+ 0-1

[Event "Regional Sudeste 2011"]
[Site "Sao Paulo"]
[Date "2011.09.22"]
[Round "7.19"]
[White "Jonas, Tiago Filipe Da Sil"]
[Black "Dos Santos, Lucas Aparecido"]
[Result "1-0"]
[WhiteElo "1836"]
[BlackElo "1999"]
[PlyCount "63"]
[EventDate "2011.09.22"]

1. e4 c5 2. Nf3 e6 3. d3 a6 4. g3 Nc6 5. Bg2 g6 6. O-O Bg7 7. c3 Nge7 8. Be3 d6
9. Nbd2 O-O 10. h4 b5 11. d4 cxd4 12. cxd4 d5 13. e5 Nf5 14. Nb3 Na5 15. Bd2
Nc4 16. Bb4 Re8 17. Qe2 a5 18. Bc5 a4 19. Nc1 Bf8 20. Nd3 Bxc5 21. Nxc5 Bd7 22.
Rfd1 Rc8 23. Nh2 Nxd4 24. Rxd4 Rxc5 25. Ng4 Re7 26. Nf6+ Kh8 27. h5 b4 28. b3
Na5 29. Rh4 Bb5 30. Qd2 Qf8 31. Nxh7 g5 32. Nxf8 1-0

[Event "Regional Sudeste 2011"]
[Site "Sao Paulo"]
[Date "2011.09.22"]
[Round "7.21"]
[White "Rezende, Guilherme Vilela"]
[Black "Poeta, Caio Medeiros"]
[Result "0-1"]
[WhiteElo "2060"]
[BlackElo "1895"]
[PlyCount "68"]
[EventDate "2011.09.22"]

1. Nf3 Nf6 2. c4 c5 3. g3 g6 4. Bg2 Bg7 5. O-O d5 6. cxd5 Nxd5 7. Nc3 O-O 8. e4
Nc7 9. d3 e5 10. Be3 b6 11. Bg5 f6 12. Be3 Qe7 13. Qa4 Rd8 14. Rab1 Bd7 15. Qa3
Nc6 16. Nd5 Qd6 17. Nd2 Be6 18. Nc4 Qd7 19. Nxc7 Qxc7 20. Rfd1 Rd7 21. Qc3 Rad8
22. Rd2 b5 23. Nxe5 Nxe5 24. Bxc5 Nxd3 25. b4 Nxc5 26. Rxd7 Qxd7 27. bxc5 Bxa2
28. c6 Qd3 29. Qxd3 Rxd3 30. Rc1 Rd8 31. c7 Rc8 32. e5 Bc4 33. e6 Rxc7 34. Bd5
Kf8 0-1

[Event "Regional Sudeste 2011"]
[Site "Sao Paulo"]
[Date "2011.09.22"]
[Round "7.23"]
[White "Guimaraes, Artemis Pamela"]
[Black "Medeiros, Thauane Ferreira"]
[Result "1-0"]
[WhiteElo "2016"]
[BlackElo "1808"]
[PlyCount "69"]
[EventDate "2011.09.22"]

1. e4 c5 2. Nf3 d6 3. d4 cxd4 4. Nxd4 Nf6 5. Nc3 g6 6. g3 Bg7 7. Bg2 O-O 8. O-O
Nc6 9. Nde2 Ne5 10. h3 Be6 11. Nf4 Bc4 12. Re1 b6 13. Nfd5 Nxd5 14. exd5 Ba6
15. Rb1 Rc8 16. Ne2 Qc7 17. Nd4 Nc4 18. b3 Qc5 19. Nc6 Rxc6 20. dxc6 Na3 21.
Bxa3 Qxa3 22. Rxe7 Qxa2 23. Rxa7 b5 24. c7 Bd4 25. Rxa6 Bxf2+ 26. Kxf2 Qxa6 27.
Qd4 Qa2 28. Rb2 Qa5 29. Qxd6 Re8 30. c3 Qxc3 31. Re2 Rxe2+ 32. Kxe2 Qc2+ 33.
Kf1 Qf5+ 34. Kg1 Kg7 35. Qd8 1-0

[Event "Regional Sudeste 2011"]
[Site "Sao Paulo"]
[Date "2011.09.22"]
[Round "7.24"]
[White "Sztokbant, Bernardo Vainzoff"]
[Black "Correa, Ariane Miranda"]
[Result "1-0"]
[WhiteElo "1979"]
[BlackElo "1795"]
[PlyCount "49"]
[EventDate "2011.09.22"]

1. e4 c5 2. Nf3 d6 3. d4 cxd4 4. Nxd4 Nf6 5. Nc3 g6 6. Be2 Bg7 7. O-O O-O 8.
Be3 Nc6 9. Nb3 Be6 10. f4 Na5 11. f5 Bc4 12. Nxa5 Bxe2 13. Qxe2 Qxa5 14. Rad1
Rac8 15. Bd4 a6 16. a3 Nd7 17. Nd5 Bxd4+ 18. Rxd4 Qc5 19. Nxe7+ Kh8 20. c3 Rce8
21. Nd5 Re5 22. b4 Qa7 23. Qe3 Rfe8 24. f6 Rxe4 25. Rxe4 1-0

[Event "Regional Sudeste 2011"]
[Site "Sao Paulo"]
[Date "2011.09.22"]
[Round "7.25"]
[White "Severo Da Silva, Fernando Henrique"]
[Black "Aoyama, Edmundo"]
[Result "0-1"]
[WhiteElo "1788"]
[BlackElo "1925"]
[PlyCount "38"]
[EventDate "2011.09.22"]

1. e4 d6 2. d4 Nf6 3. Nc3 g6 4. Nf3 c6 5. Be3 Nbd7 6. Be2 b5 7. b4 Nb6 8. O-O
Bg7 9. h3 O-O 10. Bd3 a6 11. Ne2 Qc7 12. Nd2 Bb7 13. f4 Nfd7 14. c4 bxc4 15.
Nxc4 Nxc4 16. Bxc4 a5 17. Bd2 axb4 18. Bxb4 c5 19. Bc3 cxd4 0-1

[Event "Regional Sudeste 2011"]
[Site "Sao Paulo"]
[Date "2011.09.22"]
[Round "7.26"]
[White "Caceres, Elton Carlos"]
[Black "Alves, Sidney David"]
[Result "1-0"]
[WhiteElo "1830"]
[BlackElo "1534"]
[PlyCount "111"]
[EventDate "2011.09.22"]

1. e4 c6 2. g3 d5 3. exd5 cxd5 4. d4 Nf6 5. Bg2 g6 6. Ne2 Bg7 7. O-O O-O 8. h3
Nbd7 9. f4 Nb6 10. b3 Bf5 11. c3 Be4 12. Nd2 Bxg2 13. Kxg2 Rc8 14. Bb2 e6 15.
Ng1 Nbd7 16. Ngf3 h6 17. Ne5 b5 18. Qe2 a6 19. a4 Ra8 20. axb5 axb5 21. Qxb5
Rb8 22. Qa4 Qc7 23. Qc6 Rfc8 24. Qxc7 Rxc7 25. b4 Nb6 26. Ra6 Nc8 27. Rfa1 Ne7
28. g4 h5 29. Kf3 Nh7 30. Ra8 Rcc8 31. Rxb8 Rxb8 32. Ra7 Bxe5 33. fxe5 Nc6 34.
Rc7 Nd8 35. gxh5 gxh5 36. Ke3 f6 37. Nf3 Ng5 38. exf6 Nxf3 39. Kxf3 Nf7 40. Ra7
Ng5+ 41. Kg3 Ne4+ 42. Kh4 Nxf6 43. Kg5 Rf8 44. Re7 Nh7+ 45. Kxh5 Rf5+ 46. Kg6
Rf6+ 47. Kh5 Rf5+ 48. Kg4 Rg5+ 49. Kf3 Rf5+ 50. Kg3 Rg5+ 51. Kh2 Rg6 52. b5 Ng5
53. Kg3 Ne4+ 54. Kf4 Nd6 55. b6 Rf6+ 56. Ke5 1-0

[Event "Regional Sudeste 2011"]
[Site "Sao Paulo"]
[Date "2011.09.22"]
[Round "7.28"]
[White "De Oliveira, Francemir Barra"]
[Black "Braga, Marcelo Melem"]
[Result "1-0"]
[WhiteElo "1796"]
[BlackElo "1757"]
[PlyCount "49"]
[EventDate "2011.09.22"]

1. e4 c6 2. d4 d5 3. Nc3 dxe4 4. Nxe4 Bf5 5. Ng3 Bg6 6. Nf3 Nd7 7. Bf4 e6 8. h4
h6 9. h5 Bh7 10. Bd3 Bxd3 11. Qxd3 Ngf6 12. O-O-O Nd5 13. Bd2 Bd6 14. Ne4 Bc7
15. g4 Nf4 16. Qa3 Qe7 17. Bb4 Qd8 18. Bd6 Nd5 19. Bxc7 Qxc7 20. Nd6+ Kd8 21.
Nxf7+ Ke8 22. Nxh8 Qf4+ 23. Kb1 Qf6 24. Ng6 Nf8 25. Rhe1 1-0